Manual de historia del derecho indiano.

Furkejuvvon:
Bibliográfalaš dieđut
Váldodahkki: Dougnac Rodríguez, Antonio (autor)
Materiálatiipa: Girji
Giella:espánnjágiella
Almmustuhtton: México D. F., México: Universidad Autónoma de México, 1994.
Preanttus:Primera edición.
Ráidu:Estudios Históricos, 47.
Fáttát:
Fáddágilkorat: Lasit fáddágilkoriid
Eai fáddágilkorat, Lasit vuosttaš fáddágilkora!

MARC

LEADER 00000nam a2200000 a 4500
001 UCP4892
003 CL-VaPUC
005 20231115170157.0
008 990821e19940000MX |||||||||||||||||spa|d
999 |c 282785  |d 282783 
020 |a 968-36-4147-4 
040 |c Pontificia Universidad Católica de Valparaíso 
082 0 4 |a 349.8 DOU 1994  |2 21 
100 |a Dougnac Rodríguez, Antonio  |e autor  |9 480180 
245 1 0 |a Manual de historia del derecho indiano. 
250 |a Primera edición.  
260 |a México D. F., México:  |b Universidad Autónoma de México,   |c 1994.  
300 |a 465 páginas.  
490 0 |a Estudios Históricos, 47. 
500 |a c.2 Donación Familia Prof. Alejandro Guzmán Brito.  
583 |a last modification  |c 19990821 00:00:00  |k Rodrigo Vera 
650 0 |a Derecho Indiano  |9 256266 
650 0 |a Fuentes del derecho   |9 255162 
650 0 |a Justicia   |9 255408 
942 |c BK  |2 ddc  |n 0 
945 |d 19990821 00:00:00  |a vberengu 
952 |0 0  |1 0  |4 0  |6 349_800000000000000_DOU_1994  |7 0  |8 DER_HDC  |9 325181  |a BIBDER  |b BIBDER  |d 2019-11-20  |i 3536254  |l 1  |m 1  |o 349.8 DOU 1994  |p 3536254  |r 2023-01-25  |s 2020-03-12  |w 2019-11-20  |x Ubicación 4to Piso  |y BK  |z Estos recursos deben solicitarse con anticipación  |k DER 
952 |0 0  |1 0  |2 ddc  |4 0  |6 349_800000000000000_DOU_1994  |7 0  |8 C_AGB  |9 579582  |a BIBDER  |b BIBDER  |d 2021-12-15  |e Donación   |i 5629055  |l 4  |o 349.8 DOU 1994  |p 5629055  |r 2023-10-23  |s 2023-10-23  |t 2  |w 2021-12-15  |y BK_US  |k AGB